[Event "Floripa Chess Open 2024"]
[Site "Florianopolis"]
[Date "2024.01.21"]
[Round "2.111"]
[White "Urquiza, Marcello De Albuque"]
[Black "Santiago, Mauro"]
[Result "1-0"]
[WhiteElo "2050"]
[BlackElo "1516"]
[PlyCount "67"]
[EventDate "2024.01.20"]
[EventRounds "10"]
[EventCountry "BRA"]

1. e4 c5 2. Nf3 d6 3. d4 cxd4 4. Qxd4 Nc6 5. Qe3 Nf6 6. c4 g6 7. Nc3 Bg7 8. Be2
Bg4 9. O-O O-O 10. Rb1 Rc8 ({RR} 10... Nd7 11. Rd1 Qb6 12. Nd5 Qxe3 13. Bxe3
Nc5 14. h3 Bc8 15. b4 Nxe4 16. b5 Na5 17. Nxe7+ Kh8 18. Rbc1 Nc3 19. Rd2 Be6
20. Nd5 Nxe2+ 21. Rxe2 Rac8 22. Rec2 Bf5 23. Ne7 Bxc2 24. Nxc8 Rxc8 25. Rxc2 {
Urquiza,M (2031)-Quintiliano Pinto,R (2504) Salão de Convenções do Hot 2022
0-1 (39)}) 11. b3 a6 ({RR} 11... Nd7 12. Bb2 a6 13. Rfd1 Qa5 14. h3 Bxf3 15.
Bxf3 Qc5 16. Qxc5 Nxc5 17. Nd5 Bxb2 18. Rxb2 a5 19. g3 Kg7 20. Bg2 Rfd8 21. f4
Ra8 22. Rbd2 Ra6 23. Nc7 Ra7 24. e5 a4 25. exd6 exd6 26. Nb5 {Harika,D (2515)
-Hou Yifan (2658) chess.com INT 2020 1/2-1/2 (48)}) 12. Bb2 Qa5 13. Nd5 $146 ({
RR} 13. Qd2 Bxf3 14. Bxf3 b5 15. cxb5 axb5 16. Rfd1 Ne5 17. Nd5 Qa7 18. Qe2
Nxd5 19. Bxe5 Bxe5 20. Rxd5 b4 21. Rb5 Qa3 22. Qd2 Bc3 23. Qe2 Rc7 24. e5 Bxe5
25. Rb7 Rc1+ 26. Rxc1 Qxc1+ 27. Qf1 Bxh2+ {Zavivaeva,E (1589)-Bulatova,K (2143)
Sochi RUS 2020 0-1}) ({RR} 13. Qd2 Bxf3 14. Bxf3 b5 15. cxb5 axb5 16. Rfd1 Ne5
17. Nd5 Qa7 18. Qe2 Nxd5 19. Bxe5 Bxe5 20. Rxd5 b4 21. Rb5 Qa3 22. Qd2 Bc3 23.
Qe2 Rc7 24. e5 Bxe5 25. Rb7 Rc1+ 26. Rxc1 Qxc1+ 27. Qf1 Bxh2+ {Zavivaeva,E  
(1589)-Bulatova,K (2143) Sochi RUS 2020 0-1}) 13... Nxd5 14. exd5 Bxf3 15. Bxf3
Ne5 16. Be2 Qc7 17. Bd4 e6 18. f4 Nd7 19. dxe6 Bxd4 20. exf7+ Kxf7 21. Qxd4 Qc5
22. Rbd1 Nf6 23. Kh1 Qxd4 24. Rxd4 d5 25. Bf3 dxc4 26. Bxb7 Rc7 27. Bxa6 c3 28.
Bc4+ Kg7 29. Rc1 Re8 30. Kg1 Re3 31. Rd3 Rce7 32. Rdxc3 Rxc3 33. Rxc3 Re1+ 34.
Kf2 1-0

[Event "Floripa Chess Open 2024"]
[Site "Florianopolis"]
[Date "2024.01.21"]
[Round "2.112"]
[White "Spagnollo, Pedro Henrique"]
[Black "Veloso, Henrique Barbosa"]
[Result "0-1"]
[WhiteElo "1445"]
[BlackElo "2029"]
[PlyCount "120"]
[EventDate "2024.01.20"]
[EventRounds "10"]
[EventCountry "BRA"]

1. e4 e5 2. Nf3 Nc6 3. Bb5 a6 4. Ba4 Nf6 5. d3 d6 6. c3 Bd7 7. O-O g6 8. Re1
Bg7 9. Nbd2 O-O 10. Nf1 Ne7 $146 ({RR} 10... Qe8 11. Bb3 Na5 12. Bc2 c5 13. d4
cxd4 14. cxd4 Nc6 15. d5 Nb4 16. Bb1 a5 17. Bd2 Qd8 18. Ne3 b5 19. a3 Na6 20.
b4 Qb6 21. Bd3 Nc7 22. Qe2 Qa7 23. Qd1 Bh6 24. g3 Kg7 25. Kg2 {Grischuk,A  
(2717)-Kobalia,M (2654) Moscow 2006 1/2-1/2}) ({RR} 10... b5 11. Bb3 Na5 12.
Bc2 c5 13. h3 Nc6 14. Bb3 Na5 15. Bc2 Re8 16. Bg5 h6 17. Bh4 Nc6 18. Ne3 Be6
19. Bb3 Rc8 20. Bxe6 fxe6 21. Bxf6 Qxf6 22. a4 b4 23. a5 Kh7 24. Nc4 Qd8 25.
Qa4 {Firouzja,A (2785)-Oparin,G (2675) chess.com INT 2022 1-0 (42)}) ({RR} 
10... Qe8 11. Bc2 Nh5 12. d4 Kh8 13. d5 Ne7 14. c4 f5 15. exf5 gxf5 16. c5 Rg8
17. Ng3 Nxg3 18. hxg3 Ng6 19. Ng5 h6 20. Qh5 e4 21. g4 Ne5 22. Qh4 Nxg4 23. Kh1
Qg6 24. f3 Bf6 25. f4 {Meunier-Pion,J (2198)-Heberla,B (2546) chess.com INT
2024 0-1 (49)}) ({RR} 10... Nh5 11. Bg5 f6 12. Bh4 Kh8 13. d4 Qe8 14. Bb3 Bg4
15. Ne3 Bxf3 16. Qxf3 exd4 17. Nd5 Qd7 18. cxd4 Nxd4 19. Qd1 f5 20. Rc1 Rac8
21. Ne7 f4 22. Nxc8 f3 23. Bc4 Nf4 24. Bg3 Nxg2 25. e5 {Bojkovic,N (2368)
-Borosova,Z (2277) Plovdiv 2010 1/2-1/2 (60)}) 11. Bb3 c5 12. d4 Qc7 13. Bg5 h6
14. Be3 Nxe4 15. Bxh6 Bxh6 16. Rxe4 Bc6 17. Rh4 Nf5 18. Rg4 Kh7 19. dxe5 dxe5
20. Ng5+ Kg7 21. Ng3 Nxg3 22. Rxg3 Qe7 23. Nh3 Rad8 24. Qe1 Qf6 25. Rd1 b5 26.
f3 Rxd1 27. Bxd1 Rd8 28. Nf2 Bf4 29. Rh3 Qd6 30. g3 Qd2 31. Kf1 Be3 32. Qxd2
Rxd2 33. Ng4 Bd7 34. Ke1 Rxb2 35. f4 Bd2+ 36. Kf1 Rb1 37. Rh4 Bxg4 38. Rxg4 f5
39. Rh4 Rxd1+ 40. Ke2 Ra1 41. Kxd2 Rxa2+ 42. Ke3 e4 43. g4 Rc2 44. gxf5 gxf5
45. Rh5 Rxc3+ 46. Kd2 Rd3+ 47. Ke2 Kg6 48. Rg5+ Kf6 49. h4 Rf3 50. h5 Rxf4 51.
Rg6+ Ke5 52. Rxa6 Rh4 53. Ra5 Rxh5 54. Rxb5 Rh2+ 55. Ke1 Kd4 56. Rb8 f4 57. Rb7
f3 58. Kf1 Ke3 59. Rb3+ Kf4 60. Rb8 Rh1+ 0-1

[Event "Floripa Chess Open 2024"]
[Site "Florianopolis"]
[Date "2024.01.21"]
[Round "2.113"]
[White "Cardozo, Camila"]
[Black "Cordero, Daniela"]
[Result "0-1"]
[WhiteElo "1426"]
[BlackElo "2028"]
[PlyCount "47"]
[EventDate "2024.01.20"]
[EventRounds "10"]
[EventCountry "BRA"]

1. d4 d6 2. Nf3 Nd7 3. d5 Ngf6 4. c4 g6 5. Nc3 Bg7 6. e4 O-O $146 ({RR} 6...
Nc5 7. Bd3 Nxd3+ 8. Qxd3 O-O 9. O-O e5 10. dxe6 Bxe6 11. Nd4 Bd7 12. f3 Nh5 13.
Be3 Qh4 14. Nde2 Rfe8 15. Rad1 Rad8 16. Nd5 Rc8 17. Qd2 Qd8 18. g4 Nf6 19. Bg5
Be6 20. b3 Bxd5 21. cxd5 {Delithanasis,D (2267)-Haratsidis,V (1996) Kallithea
2009 1/2-1/2 (78)}) 7. Be2 Nc5 8. Qc2 a5 9. Bg5 h6 10. Bh4 Nh5 11. Nd2 Nf4 12.
Bf1 f5 13. f3 fxe4 14. fxe4 g5 15. Bf2 Ncd3+ 16. Bxd3 Nxg2+ 17. Kd1 Rxf2 18.
Kc1 Ne3 19. Qb3 Qf8 20. Nd1 a4 21. Qa3 Nxd1 22. Kxd1 Qf4 23. Be2 Bg4 24. Bxg4
0-1

[Event "Floripa Chess Open 2024"]
[Site "Florianopolis"]
[Date "2024.01.21"]
[Round "2.114"]
[White "Altenhofen, Guilherme Graneto"]
[Black "Torres, Federico"]
[Result "0-1"]
[WhiteElo "1425"]
[BlackElo "2002"]
[PlyCount "50"]
[EventDate "2024.01.20"]
[EventRounds "10"]
[EventCountry "BRA"]

1. e4 e5 2. Nf3 d6 3. h3 c6 4. Nc3 Be7 ({RR} 4... Nf6 5. Bc4 Be7 6. d3 O-O 7.
Bg5 Be6 8. Bxe6 fxe6 9. d4 exd4 10. Nxd4 Qd7 11. O-O Na6 12. Nb3 Rf7 13. Qd2
Rd8 14. Rad1 b5 15. Bxf6 Bxf6 16. Qe3 Qc7 17. Qe2 Rfd7 18. Rd3 Nc5 19. Rg3 {
Kazi Zarin,T (1295)-Khushi,A Dhaka 2017 1-0 (52)}) 5. Bc4 h6 6. d3 Nd7 7. Be3
$146 ({RR} 7. d4 Ngf6 8. Be3 Nxe4 9. Bxf7+ Kxf7 10. Nxe4 d5 11. Nc3 e4 12. Nd2
Rf8 13. Qh5+ Kg8 14. O-O-O Nf6 15. Qg6 Qe8 16. Qxe8 Nxe8 17. f3 exf3 18. Nxf3
Bf5 19. Rde1 Bb4 20. Bd2 Nd6 21. a3 Ba5 {Jukic,D (1439)-Kable,J (1674) Box
Hill 2000 1-0 (55)}) 7... Qc7 8. Qd2 Ngf6 9. O-O Nf8 10. Bb3 g5 11. Ne2 Ng6 12.
Ng3 Nf4 13. Bxf4 gxf4 14. Ne2 Rg8 15. Kh2 h5 16. Rh1 Be6 17. c3 O-O-O 18. Bxe6+
fxe6 19. b4 Rg6 20. a4 Rdg8 21. Ne1 Qb6 22. Nc1 d5 23. exd5 exd5 24. b5 e4 25.
Qxf4 Bd6 0-1

[Event "Floripa Chess Open 2024"]
[Site "Florianopolis"]
[Date "2024.01.21"]
[Round "2.115"]
[White "Zottis, Ernani"]
[Black "Cantarino Neto, Mario Ribeiro"]
[Result "0-1"]
[WhiteElo "1335"]
[BlackElo "1944"]
[PlyCount "48"]
[EventDate "2024.01.20"]
[EventRounds "10"]
[EventCountry "BRA"]

1. e4 e5 2. Nc3 Nf6 3. Bc4 Nc6 4. Nge2 Be7 5. d3 Na5 6. Bb3 ({RR} 6. a4 Nxc4 7.
dxc4 d6 8. b3 O-O 9. O-O Be6 10. Ng3 c6 11. Ba3 {1/2-1/2 (11) Zubov,A (2597)
-Efimenko,Z (2632) Netanya ISR 2019}) 6... c6 ({RR} 6... Nxb3 7. axb3 d5 8. O-O
O-O {1/2-1/2 (8) Casper,T (2349)-Eichner,S (2310) Germany GER 2023}) 7. Be3
$146 ({RR} 7. O-O O-O 8. h3 Nxb3 9. axb3 d5 10. Ng3 Re8 11. Qf3 h6 12. Nf5 Bf8
13. Kh1 Kh7 14. g4 g6 15. Ng3 Bg7 16. Rg1 d4 17. Nce2 Nxg4 18. Kg2 Qh4 19. Rh1
Nf6 20. Bd2 Be6 {1/2-1/2 (20) Stubbe,W (2106)-Schwetlick,T (1879) Mecklenburg
VP 2007}) ({RR} 7. Bg5 d6 8. O-O O-O 9. h3 a6 10. Qd2 b5 11. Kh2 Bb7 12. Rad1
c5 13. Bxf6 Bxf6 14. Bd5 Qc7 15. Bxb7 Nxb7 16. Nd5 Qd8 17. g3 Be7 18. f4 f5 19.
fxe5 fxe4 20. dxe4 dxe5 21. Rxf8+ Qxf8 {Gusev,V (2089)-Marenich,Y Belorechensk
2013 1-0}) 7... Ng4 8. Bd2 Nxb3 9. axb3 Bc5 10. d4 exd4 11. Na4 d6 12. h3 Ne5
13. Nxc5 dxc5 14. Bf4 Ng6 15. Bg3 O-O 16. O-O f5 17. e5 f4 18. Bh2 f3 19. gxf3
Bxh3 20. Re1 Nh4 21. Nf4 Qg5+ 22. Bg3 Rxf4 23. Kh2 Nxf3+ 24. Kxh3 Qg4+ 0-1

[Event "Floripa Chess Open 2024"]
[Site "Florianopolis"]
[Date "2024.01.21"]
[Round "2.117"]
[White "Nunes, Lilia"]
[Black "Da Silva, Eduardo Batista Q"]
[Result "0-1"]
[WhiteElo "1325"]
[BlackElo "1905"]
[PlyCount "120"]
[EventDate "2024.01.20"]
[EventRounds "10"]
[EventCountry "BRA"]

1. c4 Nf6 2. g3 g6 3. Bg2 Bg7 4. Nf3 O-O 5. O-O d6 6. Nc3 Nc6 7. d3 e5 8. Bg5
h6 9. Bxf6 Bxf6 10. Rb1 Be6 ({RR} 10... Bg7 11. b4 a6 12. a4 a5 13. b5 Ne7 14.
Qc2 Rb8 15. Nd2 Be6 16. Nd5 Nf5 17. e3 c6 18. Nc3 Qc7 19. Rfc1 Ne7 20. Rb2 f5
21. Qb1 c5 22. Nd5 Bxd5 23. b6 Qd7 24. cxd5 e4 25. Rb5 {Chernin,A (2615)
-Bologan,V (2600) New York 1994 1-0 (41)}) ({RR} 10... Bg7 11. b4 f5 12. Nd5
Ne7 13. b5 Nxd5 14. cxd5 a6 15. a4 axb5 16. axb5 b6 17. Qc2 Bd7 18. Rfc1 Ra7
19. e4 Rf7 20. Nh4 Bf6 21. Ra1 Rxa1 22. Rxa1 Bxh4 23. gxh4 Bxb5 24. h5 f4 25.
Bh3 {Karbowiak,A (2051)-Boruta,D (1912) Jastrzebia Gora POL 2022 0-1 (43)}) 11.
Qd2 $146 ({RR} 11. b4 a6 12. Nd5 Bg7 13. Qd2 Ne7 14. Nxe7+ Qxe7 15. Qc2 c6 16.
Rfc1 {1/2-1/2 (16) Pedersen,E (2315)-Brinck Claussen,B (2370) Odense 1980}) ({
RR} 11. b4 Qd7 12. b5 Ne7 13. c5 Bg7 14. cxd6 cxd6 15. d4 Rac8 16. Rc1 Rc4 17.
d5 Bg4 18. Nd2 Rc7 19. a4 Rfc8 20. Na2 h5 21. Rxc7 Rxc7 22. Ne4 Kh8 23. Qd3 Bf5
24. Rd1 Nc8 25. Qb3 Bxe4 {Schlamp,R (2335)-Delitzsch,J (2210) Germany 2004 1/
2-1/2}) 11... Bg7 12. a3 f5 13. b4 Ne7 14. b5 c6 15. a4 d5 16. cxd5 cxd5 17.
Rfc1 Qd7 18. b6 a6 19. a5 Rac8 20. Na2 Rxc1+ 21. Rxc1 Rc8 22. Nb4 Nc6 23. Nxc6
Rxc6 24. Ne1 Qc8 25. Rb1 Rc5 26. e4 Qc6 27. exd5 Bxd5 28. Bxd5+ Qxd5 29. Ra1
Qc6 30. Rb1 Qa4 31. Rc1 Qc6 32. Rxc5 Qxc5 33. Qa2+ Kh7 34. Nc2 Qc3 35. Ne3 Qxd3
36. Qd5 Qxd5 37. Nxd5 e4 38. Kf1 Bd4 39. Ke2 Kg7 40. f3 exf3+ 41. Kxf3 g5 42.
Ke2 Kf7 43. Kd3 Bg1 44. h3 h5 45. Kc4 Ke6 46. Nc7+ Kd6 47. Ne8+ Ke5 48. Nc7 f4
49. Nxa6 bxa6 50. b7 Ba7 51. gxf4+ gxf4 52. Kd3 Kd5 53. h4 Bb8 54. Ke2 Ke4 55.
Kf2 f3 56. Kf1 Ke3 57. Ke1 Bc7 58. Kf1 f2 59. b8=Q Bxb8 60. Kg2 Ke2 0-1

[Event "Floripa Chess Open 2024"]
[Site "Florianopolis"]
[Date "2024.01.21"]
[Round "2.118"]
[White "Cruz, Natan Gomes"]
[Black "Rigo, Joanir Fernando"]
[Result "1/2-1/2"]
[WhiteElo "1888"]
[BlackElo "1302"]
[PlyCount "111"]
[EventDate "2024.01.20"]
[EventRounds "10"]
[EventCountry "BRA"]

1. d4 e6 2. Nf3 d5 3. Nbd2 c5 4. e4 a6 5. exd5 exd5 6. dxc5 Bxc5 7. Nb3 Be7 8.
Bd3 Nf6 ({RR} 8... Bg4 9. O-O Nf6 10. Re1 Nc6 11. c3 O-O 12. Bc2 Re8 13. Bg5
Qd6 14. Bxf6 Bxf6 15. Qd3 g6 16. Nbd4 Na5 17. h3 Bd7 18. Bb3 Rac8 19. Rxe8+
Bxe8 20. Nc2 Nxb3 21. axb3 Bb5 22. Qd2 Re8 23. Ne3 {Valiyev,S (1944)-Tunik,S  
(2141) St Petersburg RUS 2021 1/2-1/2 (36)}) 9. O-O O-O 10. h3 Nbd7 $146 ({RR} 
10... Nc6 11. c3 Qd6 12. Re1 Be6 13. Bg5 b5 14. Nbd4 Bd8 15. Nxc6 Qxc6 16. Nd4
Qd6 17. a3 Ng4 18. hxg4 Bxg5 19. g3 Rae8 20. f4 Bd8 21. Kg2 g6 22. Rh1 Bd7 23.
Qf3 Bf6 24. g5 Bxd4 25. cxd4 {Vafeas,A-Koen,M (2215) Komotini 1993 1/2-1/2 (33)
}) ({RR} 10... Nc6 11. Re1 Re8 12. Bg5 h6 13. Bxf6 Bxf6 14. Rxe8+ Qxe8 15. c3
Qd8 16. Bc2 Ne7 17. Nbd4 Qd6 18. Qd3 g6 19. Re1 Bd7 20. Qe3 Kg7 21. Ne5 Bxe5
22. Qxe5+ Qxe5 23. Rxe5 Kf6 24. Re3 Nc6 25. Bb3 {Speelman,J (2615)-Dolmatov,S 
(2615) Hastings 1989 1/2-1/2 (47)}) ({RR} 10... Nc6 11. c3 Be6 12. Re1 Ne4 13.
Nbd4 Nxd4 14. Nxd4 Nc5 15. Bc2 Bf6 16. b4 Bxd4 17. cxd4 Nd7 18. Qd3 g6 19. Bb3
Re8 20. Qf3 Qf6 21. Qxf6 Nxf6 22. Bf4 Rac8 23. Rac1 Kg7 24. Be5 b6 25. Rxc8 {
Lesniowski,I-Hassabis,G London 1994 1-0 (32)}) 11. Bf4 Nc5 12. Nxc5 Bxc5 13. c3
b5 14. Bc2 Bb7 15. Nd4 Qb6 16. Qd3 Ne4 17. f3 Bxd4+ 18. cxd4 Nf6 19. Be5 g6 20.
Kh1 Rfe8 21. Qd2 Rac8 22. Bb3 Re6 23. Rac1 Rce8 24. Bc7 Qa7 25. Rf2 Bc6 26. Be5
Nd7 27. Bg3 Nb6 28. Kh2 Qe7 29. Qa5 Qb7 30. Qb4 Nc4 31. Qc3 Re3 32. Qc2 Bd7 33.
Bxc4 dxc4 34. Be5 Re6 35. Qd2 Rd3 36. Qg5 Qb6 37. Qg3 f6 38. Bc7 Qxd4 39. Ba5
Qd6 40. Qxd6 Rexd6 41. Re1 Re6 42. Rfe2 Kf7 43. a3 Rd5 44. Bc3 Bc8 45. Kg3 Rd8
46. h4 h6 47. Kf2 Rxe2+ 48. Rxe2 Bf5 49. Re3 Rd3 50. Rxd3 Bxd3 51. Ke3 Bf1 52.
g3 Ke6 53. Kd4 Bg2 54. Ke3 f5 55. Kf2 Bh3 56. Ke2 1/2-1/2

[Event "Floripa Chess Open 2024"]
[Site "Florianopolis"]
[Date "2024.01.21"]
[Round "2.119"]
[White "Coutinho, Lucas Buss Soares"]
[Black "Bastos, Guilherme Exterhott"]
[Result "1/2-1/2"]
[WhiteElo "1233"]
[BlackElo "1883"]
[PlyCount "52"]
[EventDate "2024.01.20"]
[EventRounds "10"]
[EventCountry "BRA"]

1. e4 {Blatny,P} Nf6 2. e5 Nd5 3. c4 Nb6 4. d4 d6 5. exd6 cxd6 6. Nf3 g6 7. Be2
Bg7 ({RR} 7... Bg4 8. O-O Nc6 9. d5 Bxf3 10. Bxf3 Ne5 11. Na3 Bg7 12. Rb1 O-O
13. b3 a5 14. g3 Qd7 15. Bg2 Qf5 16. Be3 Nbd7 17. Nb5 Nc5 18. Bxc5 dxc5 19. d6
Rad8 20. Qe1 exd6 21. Bxb7 a4 22. Bd5 {Sunal,J (1743)-Masar,J (1773) Slovakia
2016 1-0 (37)}) 8. O-O Bg4 9. h3 $146 ({RR} 9. b3 Nc6 10. Bb2 d5 11. c5 Nc8 12.
h3 Bxf3 13. Bxf3 e6 14. Na3 a6 15. Nc2 b6 16. b4 bxc5 17. bxc5 Qa5 18. Qe1 Qxe1
19. Rfxe1 N8e7 20. Bc3 Kd7 21. g4 Rhb8 22. Bg2 Na7 23. Rad1 Nb5 {Gawel,L (1800)
-Krajewski,R (2079) Rudnik 2000 0-1 (32)}) ({RR} 9. Be3 Nc6 10. Nbd2 O-O 11.
Rc1 e5 12. d5 ({RR} 12. dxe5 dxe5) 12... Ne7 13. h3 ({RR} 13. Ne1 Bxe2 14. Qxe2
f5) 13... Bxf3 14. Nxf3 h6 ({RR} 14... f5 15. Ng5) 15. Qb3 Nf5 ({RR} 15... f5
16. c5 Nbxd5 17. Bc4 dxc5 18. Bxc5) 16. Rfd1 ({RR} 16. Bxb6 axb6) 16... Nd7 17.
Qc2 ({RR} 17. Qxb7 Rb8 18. Qxa7 Rxb2 19. Bd3 Nxe3 20. Qxe3 ({RR} 20. fxe3 Nc5)
20... Rxa2) 17... a5 18. Kh1 ({RR} 18. b3) 18... Nxe3 19. fxe3 f5 20. e4 h5 ({
RR} 20... Nc5) 21. Rf1 Bh6 22. Rcd1 Qf6 ({RR} 22... Nc5) 23. Nh2 Bf4 {Apicella,
M (2455)-Hauchard,A (2435) Montpellier 1991 CBM 027 [Blatny,P] 0-1 (36) RR} 24.
Rf3) ({RR} 9. Nbd2 O-O 10. h3 Bxf3 11. Nxf3 Nc6 12. b3 e5 13. Bb2 e4 14. Nh2 d5
15. c5 Nd7 16. Qd2 f5 17. b4 a6 18. a4 f4 19. Bc3 Qg5 20. f3 e3 21. Qb2 Ne7 22.
b5 a5 23. Bd3 Nf6 {[%emt 0:00:02] Ledesma,H (1800)-Pintos,I (1800) Posadas
2004 1/2-1/}) 9... Bxf3 10. Bxf3 Nc6 11. c5 dxc5 12. dxc5 Qxd1 13. Rxd1 Na4 14.
Nc3 Nxc5 15. Be3 Ne6 16. Rab1 Rd8 17. Rxd8+ Nexd8 18. Nb5 a6 19. Nc7+ Kd7 20.
Na8 Ne6 21. Rd1+ Kc8 22. Nb6+ Kb8 23. b3 Rd8 24. Nd7+ Kc8 25. Nb6+ Kb8 26. Nd7+
Kc8 1/2-1/2

[Event "Floripa Chess Open 2024"]
[Site "Florianopolis"]
[Date "2024.01.21"]
[Round "2.120"]
[White "Vieira, Luiza Lessing"]
[Black "Vieira, Jose Renato Braga S"]
[Result "0-1"]
[WhiteElo "1239"]
[BlackElo "1839"]
[PlyCount "58"]
[EventDate "2024.01.20"]
[EventRounds "10"]
[EventCountry "BRA"]

1. d4 Nf6 2. c4 g6 3. f3 Bg7 4. e4 d6 5. Nc3 O-O 6. Be3 Na6 7. Qd2 c5 8. d5 e6
9. O-O-O ({RR} 9. Nge2 exd5 10. cxd5 Nc7 11. Ng3 Re8 12. Be2 Rb8 13. O-O b5 14.
Rac1 a5 15. Bg5 b4 16. Nd1 a4 17. Re1 Bd7 18. Bf4 Bb5 19. Ne3 Bxe2 20. Nxe2 Nh5
21. Nc4 Nxf4 22. Qxf4 Nb5 23. g3 Rb7 {Kelecevic,N (2475)-Paulsen,D (2345)
Zuerich 1996 1/2-1/2 (48)}) ({RR} 9. Bd3 exd5 10. cxd5 Nc7 11. Nge2 Rb8 12. a4
b6 13. Nb5 a6 14. Nxc7 Qxc7 15. Nc3 c4 16. Be2 Bd7 17. O-O Rb7 18. Rfc1 b5 19.
axb5 axb5 20. Ra6 Rc8 21. Nd1 Ne8 22. Qb4 f5 23. b3 c3 {Meyer-Jany,M (1778)
-Lutze,M (2076) Heusenstamm GER 2023 0-1 (57)}) 9... exd5 10. exd5 Qa5 $146 ({
RR} 10... Re8 11. g4 Nc7 12. Bg5 a6 13. h4 b5 14. h5 bxc4 15. hxg6 fxg6 16. Ne4
Nxe4 17. Bxd8 Nxd2 18. Bxc7 Nxf1 19. Rxf1 Bf8 20. Nh3 Ra7 21. Ba5 Bg7 22. Ng5
Rb7 23. Bc3 Bxc3 24. bxc3 Re3 25. Ne4 {Muk,I (1885)-Most,Z (2130) Klatovy 1998
0-1 (58)}) 11. Bh6 b5 12. Bxg7 Kxg7 13. cxb5 Nb4 14. g4 Nxa2+ 15. Nxa2 Qxa2 16.
Nh3 Bb7 17. Nf4 Rfe8 18. Qc3 Re5 19. Bc4 Qa4 20. Rhe1 Rae8 21. Rxe5 Rxe5 22. h4
h6 23. b3 Qa3+ 24. Qb2 Qxb2+ 25. Kxb2 g5 26. hxg5 hxg5 27. Nh5+ Nxh5 28. gxh5
Kh6 29. Kc2 f5 0-1

[Event "Floripa Chess Open 2024"]
[Site "Florianopolis"]
[Date "2024.01.21"]
[Round "2.121"]
[White "Goncalves, Maria Talissa Neves"]
[Black "Ribeiro, Regina"]
[Result "0-1"]
[WhiteElo "1224"]
[BlackElo "1822"]
[PlyCount "78"]
[EventDate "2024.01.20"]
[EventRounds "10"]
[EventCountry "BRA"]

1. e4 c6 2. d4 d5 3. exd5 cxd5 4. Nc3 Nf6 5. Be3 ({RR} 5. g3 Nc6 6. Bg2 Bf5 7.
a3 e6 8. Nge2 Bd6 9. O-O O-O 10. Kh1 Rc8 11. f3 b6 12. Be3 Re8 13. Qd2 b5 14.
b4 Nd7 15. Nd1 Nb6 16. Nb2 Nxb4 17. axb4 Rxc2 18. Qe1 Rxb2 19. Bd2 Bd3 {
De Moor,E-Ris,R (2364) Tilburg 2006 0-1}) 5... Nc6 6. Nf3 Bg4 ({RR} 6... Bf5 7.
Qd2 Bd7 8. Bb5 a6 9. Bxc6 Bxc6 10. O-O e6 11. a3 Bd6 12. Rfe1 O-O 13. Bg5 Be7
14. Ne5 Ba4 15. Nxa4 Ne4 16. Bxe7 Qxe7 17. Qe3 Rac8 18. c3 Rc4 19. Nxc4 dxc4
20. Qxe4 b5 21. Nc5 {Gac-Mytych,S (1147)-Antonioli,L Bydgoszcz POL 2020 1-0  
(40)}) 7. Be2 $146 ({RR} 7. Bd3 e6 8. h3 Bh5 9. g4 Bg6 10. a3 a6 11. Ng5 Be7
12. Bxg6 hxg6 13. Qf3 Rc8 14. Ne2 O-O 15. h4 e5 16. c3 Qd7 17. Rg1 e4 18. Qg2
b5 19. Nf4 a5 20. h5 b4 21. hxg6 bxc3 {Hafijtullin,G (1755)-Lebedev,V (2035)
Dimitrovgrad 2009 1-0}) 7... e6 8. O-O Bd6 9. Ne5 Bxe2 10. Nxe2 Nxe5 11. dxe5
Bxe5 12. c3 O-O 13. Ng3 Qc7 14. Rc1 Rac8 15. Rc2 b5 16. f4 Bd6 17. Rcf2 a5 18.
Bd4 Ne4 19. Nxe4 dxe4 20. g3 Bc5 21. f5 e5 22. Bxc5 Qxc5 23. Kh1 e3 24. Rf3
Rfd8 25. Qe1 Rd3 26. f6 gxf6 27. Rxf6 Qd5+ 28. R6f3 Rc7 29. Kg1 Rd7 30. Qe2 Qe4
31. Re1 Rd2 32. Qxe3 Qxe3+ 33. Rfxe3 Rxb2 34. Rxe5 Rdd2 35. Re8+ Kg7 36. Kf1
Rxh2 37. R8e2 Rxa2 38. Rxh2 Rxh2 39. Ra1 Rh1+ 0-1

[Event "Floripa Chess Open 2024"]
[Site "Florianopolis"]
[Date "2024.01.21"]
[Round "2.122"]
[White "Assis, Caio Bentivenha"]
[Black "Ribeiro Jr, Valdir Uchoa"]
[Result "0-1"]
[WhiteElo "1800"]
[BlackElo "1780"]
[PlyCount "94"]
[EventDate "2024.01.20"]
[EventRounds "10"]
[EventCountry "BRA"]

1. e4 c5 2. Nf3 e6 3. d4 cxd4 4. Nxd4 Nf6 5. Nc3 Nc6 6. Be3 Bb4 7. Ndb5 d5 ({RR
} 7... Nxe4 8. Qg4 Nxc3 9. bxc3 Bf8 10. Rd1 d5 11. Bf4 e5 12. Qe2 Be7 13. Rxd5
Qb6 14. Be3 Qa5 15. Nd6+ Bxd6 16. Rxa5 Nxa5 17. Bc5 Bc7 18. g3 Bd7 19. Bg2
O-O-O 20. Bxa7 Be6 21. O-O Bc4 22. Bh3+ {Dudzinski,P (2193)-Zarnicki,P (2514)
chess.com INT 2021 0-1 (58)}) ({RR} 7... Nxe4 8. Qg4 Nxc3 9. bxc3 Bf8 10. Qg3
e5 11. Rd1 Qa5 12. Rd5 Kd8 13. Bc4 a6 14. Bg5+ f6 15. Nd6 Bxd6 16. Rxa5 Nxa5
17. Bd5 fxg5 18. Qxg5+ Kc7 19. Qxg7 Rf8 20. Qxh7 Nc6 21. g4 Ne7 22. Bf7 {
Dannenberg,O (1865)-Franssila,T (2188) Finland FIN 2023 0-1 (34)}) 8. exd5 Nxd5
9. Bd2 O-O 10. Nxd5 $146 ({RR} 10. a3 Nxc3 11. Nxc3 Be7 12. Bd3 a6 13. h4 Ne5
14. Bxh7+ Kxh7 15. Qh5+ Kg8 16. Qxe5 Bf6 17. Qg3 Qb6 18. O-O-O Rd8 19. h5 Bd7
20. h6 g6 21. Bg5 e5 22. Ne4 Bxg5+ 23. Qxg5 Bf5 24. Rxd8+ Rxd8 {Percheron,A  
(1851)-Daverio,E (1984) Europe-Echecs INT 2020 1-0 (42)}) ({RR} 10. a3 Nxc3 11.
Nxc3 Be7 12. Bd3 a6 13. h4 Ne5 14. Bxh7+ Kxh7 15. Qh5+ Kg8 16. Qxe5 Bf6 17. Qg3
Qb6 18. O-O-O Rd8 19. h5 Bd7 20. h6 g6 21. Bg5 e5 22. Ne4 Bxg5+ 23. Qxg5 Bf5
24. Rxd8+ Rxd8 {Percheron,A (1851)-Daverio,E (1984) Europe-Echecs INT 2020 1-0
(42)}) 10... exd5 11. Bxb4 Re8+ 12. Be2 Nxb4 13. Qd2 Qe7 14. Nd4 Bg4 15. f3 Bh5
16. c3 Nc6 17. Nxc6 bxc6 18. Rf1 Qh4+ 19. Kd1 Qxh2 20. Bd3 Bg6 21. Bxg6 fxg6
22. Kc2 Qe5 23. Rae1 Qf5+ 24. Kc1 g5 25. a3 Qf4 26. Qxf4 gxf4 27. Kd2 g5 28.
Rxe8+ Rxe8 29. Re1 Rxe1 30. Kxe1 Kf7 31. b4 Ke6 32. Kd2 h5 33. Ke2 a6 34. a4
Ke7 35. a5 g4 36. Kf2 g3+ 37. Ke2 h4 38. Kf1 Kd6 39. Kg1 c5 40. bxc5+ Kxc5 41.
Kf1 Kc4 42. Ke1 Kxc3 43. Ke2 d4 44. Ke1 Kc2 45. Ke2 d3+ 46. Ke1 d2+ 47. Ke2
d1=Q# 0-1

[Event "Floripa Chess Open 2024"]
[Site "Florianopolis"]
[Date "2024.01.21"]
[Round "2.123"]
[White "Rodrigues, Julliano De Araujo"]
[Black "Salomoni, Lorenzo"]
[Result "1-0"]
[WhiteElo "1779"]
[BlackElo "1800"]
[PlyCount "27"]
[EventDate "2024.01.20"]
[EventRounds "10"]
[EventCountry "BRA"]

1. e4 e6 2. d4 d5 3. Nc3 Nf6 4. e5 Nfd7 5. f4 c5 6. Nf3 Nc6 7. Be3 Qb6 8. Na4
Qa5+ 9. c3 cxd4 10. b4 Qc7 11. Nxd4 Be7 12. Bd3 O-O ({RR} 12... Nxd4 13. Bxd4
Nb8 14. Rc1 Nc6 15. Bf2 b6 16. O-O O-O 17. a3 Bb7 18. c4 dxc4 19. Rxc4 b5 20.
Rc3 bxa4 21. b5 Qa5 22. Bxh7+ Kxh7 23. Rh3+ Kg8 24. f5 Bg5 25. Qh5 Bh6 26. f6
Nd4 27. fxg7 {Stockfish dev-20230308-39da50 (3607)-Ethereal 14.06 (3532)
tcec-chess.com INT 2023 1-0 (89)}) 13. O-O f6 $146 ({RR} 13... g6 14. Qg4 Re8
15. Rf3 Ndxe5 16. fxe5 Nxe5 17. Qg3 Nxf3+ 18. Qxf3 Bf8 19. Rf1 e5 20. Nb5 Qd7
21. Qf2 f5 22. Bxa7 Rxa7 23. Qxa7 e4 24. Be2 g5 25. Nb6 Qe6 26. Nc7 Qc6 27.
Nxe8 Qxe8 28. Qb8 {Delemarre,I (2185)-Emmott,S Lenk 1994 1-0}) ({RR} 13... Nxd4
14. Bxd4 f5 15. g4 g6 16. gxf5 gxf5 17. Kh1 Qd8 18. Qh5 Qe8 19. Qh6 Rf7 20.
Rg1+ Kh8 21. Qxe6 Nf8 22. Qxf7 Qxf7 23. e6+ Qf6 24. Bxf6+ Bxf6 25. Bxf5 Nxe6
26. Rae1 Ng7 27. Bxc8 Rxc8 28. Rd1 {Van Enk,S-Oberhofer,M (2290) Bayern 1995
1-0 (58)}) 14. Nxe6 1-0